| 000 | 00691cam a22002531 4500 | ||
|---|---|---|---|
| 001 | sa 65000214 | ||
| 003 | DLC | ||
| 005 | 20260227112101.0 | ||
| 008 | 890421r1964uuuuii 000 0 gujo | ||
| 010 | _asa 65000214 | ||
| 035 | _a(OCoLC)19581880 | ||
| 040 |
_aDLC _cWaU _dDLC |
||
| 042 | _apremarc | ||
| 043 | _aa-ii--- | ||
| 050 | 0 | 0 |
_aDS480.84 _b.P34 |
| 100 | 1 |
_aPatwa, Chunilal Bhogilal, _d1911- |
|
| 245 | 1 | 0 | _aGorakha ane Macchindra. |
| 260 | _c[1964] | ||
| 300 |
_a16, 308 p. _c19 cm. |
||
| 500 | _aIn Gujarati. | ||
| 500 | _aArticles originally published in Gujarāta Samācāra. | ||
| 610 | 2 | 0 | _aIndian National Congress. |
| 651 | 0 |
_aIndia _xPolitics and government _y1947- |
|
| 999 |
_c61437 _d61437 |
||